Unscramble The Taylor Swift Songs *3* - Statistics

General Stats
  • This quiz has been taken 147 times
  • The average score is 16 of 16
Answer Stats
Hint Answer % Correct
oCld sA uYo Cold As You
100%
axHo Hoax
100%
gnKi fO My eatrH King Of My Heart
100%
eaMn Mean
100%
niMe Mine
100%
dRe Red
100%
kaShe tI fOf Shake it Off
100%
gLno ievL Long Live
99%
htieW reosH White Horse
99%
teByt Betty
98%
elTl eM yWh Tell Me Why
97%
hTe aeksL The Lakes
97%
aPerp inRsg Paper Rings
94%
uatnHde Haunted
92%
ornCilea trSete Cornelia Street
89%
!oFa!rdi!l Florida!!!
85%
No matching quizzes found
Score Distribution
Percent of People with Each Score
Percentile by Number Answered
Your Score History
You have not taken this quiz